Review and future issues on spent nuclear fuel storage /
Kaydedildi:
| Diğer Yazarlar: | , , , , , , , |
|---|---|
| Materyal Türü: | Makale |
| Dil: | English |
| Konular: | |
| Etiketler: |
Etiketle
Etiket eklenmemiş, İlk siz ekleyin!
|
| Thư viện lưu trữ: | Thư viện Trường Đại học Đà Lạt |
|---|
| LEADER | 01014nam a2200361 4500 | ||
|---|---|---|---|
| 001 | DLU110117613 | ||
| 005 | ##20101221 | ||
| 040 | # | # | |a DLU |b eng |
| 041 | # | # | |a eng |
| 044 | # | # | |a ko |
| 245 | # | # | |a Review and future issues on spent nuclear fuel storage / |c T. Saegusa ... [et al.]. |
| 653 | # | # | |a Concrete cask storage |
| 653 | # | # | |a Metal cask storage |
| 653 | # | # | |a Spent fuel integrity |
| 653 | # | # | |a Spent fuel storage |
| 700 | # | # | |a Arai, T. |
| 700 | # | # | |a Saegusa, T. |
| 700 | # | # | |a Sasahara, A. |
| 700 | # | # | |a Shirai, K. |
| 700 | # | # | |a Takeda, H. |
| 700 | # | # | |a Tani, J. |
| 700 | # | # | |a Wataru, M. |
| 700 | # | # | |a Winston, P.L. |
| 773 | # | # | |t Nuclear engineering and technology |g Vol. 42, no. 3 (2010), p. 237-248 |
| 920 | # | # | |a Phòng Tạp chí -- Trung tâm Thông tin - Thư viện Trường Đại học Đà Lạt |
| 994 | # | # | |a DLU |
| 900 | # | # | |a True |
| 911 | # | # | |a Trương Bảo Trâm Anh |
| 925 | # | # | |a G |
| 926 | # | # | |a A |
| 927 | # | # | |a BB |
| 980 | # | # | |a Thư viện Trường Đại học Đà Lạt |